00699cam a2200217 a 4500020002900000020003200029020002900061020003200090020001500122020001800137040000800155082002600163245006000189260004200249300003100291490003800322650002600360700002200386700001600408856005700424 a0821364960 (pbk. : v. 1) a9780821364963 (pbk. : v. 1) a0821367161 (pbk. : v. 2) a9780821367162 (pbk. : v. 2) a0821364979 a9780821364970 cDLC00a382 WOR 2007 A070 Or.00aReforming agricultural trade for developing countries / aWashington, DC :bWorld Bank,cc2007. av. < -2> :bill. ;c23 cm.1 aAgriculture and rural development 0aAgriculture and state1 aMcCalla, Alex F.,1 aNash, John,41uhttp://www.loc.gov/catdir/toc/fy0716/2006049111.html